[Event "III. CLANSKA LIGA ZAHOD 2017"]
[Site "Komenda"]
[Date "2017.11.26"]
[Round "7.5"]
[White "Konvalinka, Kostja"]
[Black "Kaluza, Dominik"]
[Result "1/2-1/2"]
[WhiteElo "1738"]
[BlackElo "1390"]
[PlyCount "90"]
[EventDate "2017.11.26"]
[WhiteTeam "SK TRZIN"]
[BlackTeam "SK POSTOJNA"]

1. e4 c6 2. d4 d5 3. Nc3 dxe4 4. Nxe4 Bf5 5. Ng3 Bg6 6. Nf3 e6 7. Bd3 Nf6 8.
O-O Nbd7 9. Re1 Be7 10. Qe2 O-O 11. c3 Re8 12. Ne4 Rc8 13. Bf4 Nd5 14. Bd2 Qb6
15. b3 N7f6 16. c4 Nxe4 17. Bxe4 Bxe4 18. Qxe4 Nf6 19. Qe2 Kf8 20. h3 Nd7 21.
Rad1 Bf6 22. Be3 Qc7 23. Qc2 g6 24. Bh6+ Bg7 25. Bxg7+ Kxg7 26. Qe2 Nf6 27. Ng5
Rcd8 28. Ne4 Qf4 29. Nxf6 Qxf6 30. Qe4 Kf8 31. Qe5 Qxe5 32. dxe5 Ke7 33. Kf1
Rxd1 34. Rxd1 Rd8 35. Rxd8 Kxd8 36. Ke2 Kc7 37. Kd3 Kb6 38. b4 c5 39. a3 Kc6
40. Kc3 b5 41. h4 h6 42. g4 a6 43. f4 h5 44. g5 Kb6 45. Kb3 Kc6 1/2-1/2

[Event "III. CLANSKA LIGA ZAHOD 2017"]
[Site "Komenda"]
[Date "2017.11.26"]
[Round "7.6"]
[White "Hvala, Inja Ajda"]
[Black "Markic, Vladimir"]
[Result "1/2-1/2"]
[WhiteElo "1173"]
[BlackElo "1686"]
[PlyCount "57"]
[EventDate "2017.11.26"]
[WhiteTeam "SK POSTOJNA"]
[BlackTeam "SK TRZIN"]

1. d4 d5 2. Nf3 Nf6 3. Bf4 e6 4. e3 Bd6 5. Bg3 O-O 6. Bd3 c5 7. c3 Nc6 8. Nbd2
b6 9. O-O Bb7 10. Re1 Bxg3 11. hxg3 cxd4 12. exd4 Re8 13. Rc1 Qd6 14. Qa4 Na5
15. Bb5 Bc6 16. Ne5 Bxb5 17. Qxb5 Rec8 18. Nb3 Nc4 19. Nxc4 Rxc4 20. Nd2 Rc7
21. Rc2 a6 22. Qd3 b5 23. Rec1 Rac8 24. b3 Qa3 25. Nb1 Qa5 26. Nd2 Qa3 27. Nb1
Qd6 28. Nd2 Qa3 29. Nb1 1/2-1/2